000 00394nam a2200169Ia 4500
005 20250603145019.0
008 250603s9999 xx 000 0 und d
020 _a0- 471- 52461- 1
050 _aQC 21.2 .H35/
100 _aDavid Halliday
245 0 _aFundamentals of physics
250 _a4th ed.
260 _bJohn Wiley and Sons
260 _c1993
300 _a1130 p
942 _cBK
999 _c40615
_d40615